000 00413 a2200145 4500
005 20250716112416.0
020 _a978 9987 9539 4 3
082 _a390.43 TEM
100 _aTEMU, S. S.
245 _aAuditing Theory and Practice
260 _aDar es salaam
_bNational Board of Accountants and Auditors
_c2013.
300 _axiv,454p.: ill.; figures
_bIndex
_c28cm
700 _aJudika Loti King'ori
942 _2ddc
_cBKS
999 _c6736
_d6736